Algebra : (Record no. 181832)
[ view plain ]
| 000 -LEADER | |
|---|---|
| fixed length control field | 00574 a2200181 4500 |
| 003 - CONTROL NUMBER IDENTIFIER | |
| control field | NUST |
| 005 - DATE AND TIME OF LATEST TRANSACTION | |
| control field | 20231227170021.0 |
| 040 ## - CATALOGING SOURCE | |
| Transcribing agency | Nust |
| 082 ## - DEWEY DECIMAL CLASSIFICATION NUMBER | |
| Classification number | 512,FER |
| 100 ## - MAIN ENTRY--PERSONAL NAME | |
| Personal name | Ferrar, W.L. |
| 9 (RLIN) | 39252 |
| 245 ## - TITLE STATEMENT | |
| Title | Algebra : |
| Remainder of title | a text book of determinants,matrices,and algebraic forms / |
| Statement of responsibility, etc. | W L Ferrar |
| 250 ## - EDITION STATEMENT | |
| Edition statement | 2nd ed. |
| 260 ## - PUBLICATION, DISTRIBUTION, ETC. | |
| Name of publisher, distributor, etc. | Oxford University Press |
| Place of publication, distribution, etc. | greet briton |
| Date of publication, distribution, etc. | 1957 |
| 300 ## - PHYSICAL DESCRIPTION | |
| Extent | 220 p.: |
| 505 ## - FORMATTED CONTENTS NOTE | |
| Formatted contents note | Part-1: Determents (Page-1), Part-2: Matrices( Page-65), Part-3: Linear and Quadratic Forms (Page-117). |
| 650 ## - SUBJECT ADDED ENTRY--TOPICAL TERM | |
| Topical term or geographic name entry element | Algebra |
| 9 (RLIN) | 8509 |
| 942 ## - ADDED ENTRY ELEMENTS (KOHA) | |
| Source of classification or shelving scheme | |
| Koha item type | Book |
| Call number prefix | 512,FER |
| Withdrawn status | Lost status | Source of classification or shelving scheme | Damaged status | Not for loan | Permanent Location | Current Location | Shelving location | Date acquired | Full call number | Barcode | Date last seen | Price effective from | Koha item type | Public note |
|---|---|---|---|---|---|---|---|---|---|---|---|---|---|---|
| Military College of Signals (MCS) | Military College of Signals (MCS) | General Stacks | 12/12/2016 | 512,FER | MCS1898 | 12/08/2016 | 12/12/2016 | Book | Almirah No.10, Shelf No.5 |
